| 000 | 00000nam##2200000za#4500 |
| 001 | 9.576752 |
| 003 | CaOODSP |
| 005 | 20210624185304 |
| 007 | cr ||||||||||| |
| 008 | 150406|1988||||xxc|||||o f|0| 0 eng|d |
| 040 | |aCaOODSP|beng |
| 043 | |an-cn--- |
| 086 | 1 |aFs97-13/705E-PDF |
| 110 | 1 |aCanada. |bDepartment of Fisheries and Oceans. |
| 245 | 10|aSeasonal changes in abundance and size frequency distribution of the dominant macrozooplankton in Frobisher Bay, N.W.T. / |h[electronic resource]|cby J.A. Percy ...[et al.]. |
| 260 | |aSainte-Anne-de-Bellevue - Quebec : |bFisheries and Oceans Canada |c1988. |
| 300 | |a211|breferences, tables |
| 490 | 1 |aCanadian data report of fisheries and aquatic sciences|vNo. 705 |
| 500 | |aOn t.p.: Arctic Biological Station, Maurice Lamontagne Institute, Ste. Anne de Bellevue, Quebec. Catalogue number of the print edition appears in the PDF version. |
| 546 | |a(Résumé en français) |
| 590 | |a13-18-Supp|b2013-08-01 |
| 720 | 1 |aPercy, J. A. |
| 830 | #0|aCanadian data report of fisheries and aquatic sciences ;|vNo. 705|w(CaOODSP)9.505124 |
| 856 | 40|ahttp://publications.gc.ca|qPDF|s44,350 KB|uhttps://publications.gc.ca/collections/collection_2013/mpo-dfo/Fs97-13-705-eng.pdf|yNo. 705 |